000 00238nam a2200097Ia 4500
005 20251222114405.0
008 251222s1900||||xx |||||||||||||| ||spa||
082 _aDVD0070/R34/2004
245 0 _aMilagro:The Milagro Beanfield War
942 _cDVD
999 _c1810
_d1810